[Event "22.Deutsche Senioreneinzelmeisterschaft"]
[Site "Berlin"]
[Date "2010.08.20"]
[Round "5.30"]
[White "Mittermaier, Walter"]
[Black "Krotofil, Kurt"]
[Result "1/2-1/2"]
[WhiteElo "2025"]
[BlackElo "1909"]
[PlyCount "54"]
[EventDate "2010.??.??"]
[WhiteTeam "SAbt TSV Haunstetten"]
[BlackTeam "Niendorfer TSV 1919 SAbt"]

1. d4 d5 2. c4 c6 3. Nc3 Nf6 4. Nf3 e6 5. e3 Nbd7 6. Bd3 dxc4 7. Bxc4 b5 8. Bd3
a6 9. e4 c5 10. e5 cxd4 11. Nxb5 Nxe5 12. Nxe5 axb5 13. Bxb5+ Bd7 14. Bxd7+
Nxd7 15. Nxd7 Qxd7 16. O-O Be7 17. Qd3 O-O 18. b3 e5 19. f4 f6 20. Bb2 Qd5 21.
Rfe1 Bb4 22. Re2 Rfe8 23. Kh1 Rac8 24. Rd1 Bc5 25. Rde1 Bb4 26. Rd1 Bc5 27.
Rde1 Bb4 1/2-1/2

[Event "22.Deutsche Senioreneinzelmeisterschaft"]
[Site "Berlin"]
[Date "2010.08.20"]
[Round "5.31"]
[White "Kaufmann, Helmut"]
[Black "Biller, Helmut"]
[Result "1/2-1/2"]
[WhiteElo "1889"]
[BlackElo "2023"]
[PlyCount "39"]
[EventDate "2010.??.??"]

1. d4 Nf6 2. Nd2 d5 3. e3 Bf5 4. Ngf3 e6 5. Bd3 Bxd3 6. cxd3 c5 7. dxc5 Bxc5 8.
Qa4+ Nc6 9. Nb3 Bd6 10. Nbd4 Qb6 11. Nxc6 bxc6 12. O-O O-O 13. b3 Qb5 14. Qxb5
cxb5 15. Bb2 Rfc8 16. Rac1 Nd7 17. d4 Kf8 18. Rxc8+ Rxc8 19. Rc1 Rxc1+ 20. Bxc1
1/2-1/2

[Event "22.Deutsche Senioreneinzelmeisterschaft"]
[Site "Berlin"]
[Date "2010.08.20"]
[Round "5.32"]
[White "Knaak, Joachim"]
[Black "Mann, Klaus-Dieter"]
[Result "1/2-1/2"]
[WhiteElo "2023"]
[BlackElo "1898"]
[PlyCount "42"]
[EventDate "2010.??.??"]
[WhiteTeam "SV Dresden-Leuben"]
[BlackTeam "SV Osnabrueck"]

1. d4 Nf6 2. c4 e6 3. Nf3 b6 4. Nc3 Bb7 5. e3 d6 6. Bd3 Be7 7. O-O Nbd7 8. e4
e5 9. d5 O-O 10. Ne1 Ne8 11. g3 Bg5 12. f4 exf4 13. gxf4 Bf6 14. Be3 g6 15. Nf3
Bg7 16. Nd4 Nc5 17. Bc2 a5 18. a3 Nf6 19. Bf2 Qd7 20. e5 Ng4 21. e6 Nxf2
1/2-1/2

[Event "22.Deutsche Senioreneinzelmeisterschaft"]
[Site "Berlin"]
[Date "2010.08.20"]
[Round "5.33"]
[White "Gudat, Alfons"]
[Black "Kornrumpf, Joachim"]
[Result "1/2-1/2"]
[WhiteElo "1873"]
[BlackElo "2015"]
[PlyCount "39"]
[EventDate "2010.??.??"]

1. e4 c5 2. Nf3 e6 3. c3 d6 4. d4 Nd7 5. Be2 Qc7 6. O-O Ngf6 7. Nbd2 Be7 8. Re1
O-O 9. Bf1 cxd4 10. cxd4 b6 11. Nb3 Bb7 12. Bg5 Rac8 13. Rc1 Qb8 14. Bd3 h6 15.
Bh4 Rxc1 16. Qxc1 Rc8 17. Qd2 Bf8 18. h3 Qa8 19. Qe3 Qb8 20. g4 1/2-1/2

[Event "22.Deutsche Senioreneinzelmeisterschaft"]
[Site "Berlin"]
[Date "2010.08.20"]
[Round "5.34"]
[White "Dahlhaus, Friedhelm"]
[Black "Gramse, Hartmut"]
[Result "1-0"]
[WhiteElo "2010"]
[BlackElo "1811"]
[PlyCount "91"]
[EventDate "2010.??.??"]

1. e4 e6 2. d4 d5 3. Nd2 dxe4 4. Nxe4 Bd7 5. Nf3 Bc6 6. Bd3 Nd7 7. O-O Bxe4 8.
Bxe4 c6 9. Re1 Ngf6 10. Bd3 Be7 11. c3 O-O 12. Bg5 h6 13. Bh4 Re8 14. Qe2 Nh5
15. Bxe7 Qxe7 16. g3 Nhf6 17. Rad1 Qd8 18. Bb1 Qa5 19. Ne5 Rad8 20. Qc2 Nf8 21.
b4 Qb6 22. a4 a5 23. Nc4 Qc7 24. Nxa5 e5 25. dxe5 Rxe5 26. Nc4 Rxe1+ 27. Rxe1
b5 28. Ne3 c5 29. a5 Qe7 30. Qc1 Qc7 31. Rd1 Rxd1+ 32. Qxd1 cxb4 33. cxb4 Qc3
34. Qc2 Qxb4 35. a6 Qa5 36. Qa2 Qxa2 37. Bxa2 N8d7 38. Nd5 Nxd5 39. Bxd5 Kf8
40. a7 Nb6 41. a8=Q+ Nxa8 42. Bxa8 Ke7 43. Kf1 Kd6 44. Ke2 Ke5 45. Kd3 f5 46.
f4+ 1-0

[Event "22.Deutsche Senioreneinzelmeisterschaft"]
[Site "Berlin"]
[Date "2010.08.20"]
[Round "5.35"]
[White "Reimer, Otto"]
[Black "Schumacher, Gottfried"]
[Result "0-1"]
[WhiteElo "1817"]
[BlackElo "2200"]
[PlyCount "96"]
[EventDate "2010.??.??"]

1. e4 e6 2. d4 d5 3. e5 c5 4. c3 Nc6 5. Nf3 f6 6. exf6 Nxf6 7. Bd3 Bd6 8. O-O
Bd7 9. Nbd2 Qc7 10. dxc5 Bxc5 11. Nb3 Bb6 12. Nbd4 O-O 13. Be3 e5 14. Nb5 Qd8
15. Be2 Bxe3 16. fxe3 Qb6 17. Qd2 Rad8 18. Na3 Bg4 19. Nc2 Ne4 20. Qc1 Ne7 21.
Bd3 Bxf3 22. gxf3 Ng5 23. Be2 Nf5 24. Kh1 Qh6 25. Qe1 Qh3 26. Qf2 Rf6 27. Rg1
Qh6 28. Bf1 e4 29. f4 Nf3 30. Rg4 Qh5 31. h3 Rh6 32. Qg2 Rdd6 33. Nd4 Rdg6 34.
Nxf5 Qxf5 35. Rxg6 Rxg6 36. Qf2 h5 37. Bg2 h4 38. Rd1 Rg3 39. Qf1 a5 40. b3 b5
41. c4 bxc4 42. bxc4 d4 43. Rxd4 Nxd4 44. exd4 Rd3 45. Qf2 g5 46. Qe2 Qxf4 47.
d5 Re3 48. Qd1 Qf2 0-1

[Event "22.Deutsche Senioreneinzelmeisterschaft"]
[Site "Berlin"]
[Date "2010.08.20"]
[Round "5.36"]
[White "Schurig, Wilhelm"]
[Black "Dornieden, Manfred"]
[Result "0-1"]
[WhiteElo "1887"]
[BlackElo "2121"]
[PlyCount "81"]
[EventDate "2010.??.??"]

1. e4 c5 2. d3 Nc6 3. Nd2 g6 4. g3 Bg7 5. Bg2 d6 6. Ne2 Nf6 7. O-O O-O 8. c3
Rb8 9. a4 Bd7 10. Nc4 Qc8 11. Re1 Bh3 12. Bh1 Ne5 13. Nf4 Nxc4 14. dxc4 Bg4 15.
f3 Bd7 16. Nd5 Nxd5 17. cxd5 a6 18. Be3 b5 19. axb5 axb5 20. Qd2 Qb7 21. Bh6
Bxh6 22. Qxh6 Ra8 23. Qd2 Rxa1 24. Rxa1 Ra8 25. Rxa8+ Qxa8 26. Bg2 Qa1+ 27. Kf2
Qb1 28. f4 Bg4 29. Bf3 Bxf3 30. Kxf3 b4 31. cxb4 cxb4 32. Ke3 f5 33. Qxb4 Qg1+
34. Kd3 Qxh2 35. e5 Qxg3+ 36. Ke2 Qg2+ 37. Ke1 Qxd5 38. Qb8+ Kf7 39. Qh8 Qh1+
40. Kd2 dxe5 41. Qxe5 0-1

[Event "22.Deutsche Senioreneinzelmeisterschaft"]
[Site "Berlin"]
[Date "2010.08.20"]
[Round "5.37"]
[White "Bauder, Herbert"]
[Black "Burger, Heinrich"]
[Result "0-1"]
[WhiteElo "1865"]
[BlackElo "2115"]
[PlyCount "72"]
[EventDate "2010.??.??"]

1. d4 Nf6 2. c4 e6 3. Nf3 b6 4. a3 Bb7 5. Nc3 d5 6. cxd5 Nxd5 7. Qc2 Nxc3 8.
bxc3 Be7 9. e4 O-O 10. Bd3 c5 11. O-O Qc8 12. Qe2 Ba6 13. Bxa6 Qxa6 14. Qxa6
Nxa6 15. Ra2 cxd4 16. cxd4 Rac8 17. Rd2 Rfd8 18. Bb2 Bf6 19. Rc1 Rxc1+ 20. Bxc1
Nc7 21. Bb2 Kf8 22. Kf1 Ke8 23. Ke2 h5 24. Rc2 Rd7 25. Ne5 Bxe5 26. dxe5 Na6
27. Rc8+ Rd8 28. Rxd8+ Kxd8 29. Ke3 Nc5 30. h3 Kd7 31. g4 hxg4 32. hxg4 Kc6 33.
f4 Kb5 34. f5 Kc4 35. g5 g6 36. Bd4 Kb3 0-1

[Event "22.Deutsche Senioreneinzelmeisterschaft"]
[Site "Berlin"]
[Date "2010.08.20"]
[Round "5.38"]
[White "Hoelting, Siegfried"]
[Black "Fronczek, Heinrich"]
[Result "1/2-1/2"]
[WhiteElo "1853"]
[BlackElo "2080"]
[PlyCount "150"]
[EventDate "2010.??.??"]
[WhiteTeam "SC Kevelaer 1948 e.V."]
[BlackTeam "SV Calw"]

1. e4 c5 2. Nf3 e6 3. d4 cxd4 4. Nxd4 a6 5. a3 b5 6. Be3 Bb7 7. f3 Nf6 8. Bd3
d5 9. e5 Nfd7 10. f4 g6 11. O-O Nc5 12. Nd2 Nbd7 13. Qe2 Ne4 14. c3 Ndc5 15.
Bc2 h5 16. N2b3 Rc8 17. Nxc5 Nxc5 18. Nf3 Be7 19. a4 bxa4 20. Bxa4+ Nxa4 21.
Rxa4 O-O 22. Raa1 Qc7 23. Rfc1 Bc5 24. Nd4 Qe7 25. Qd2 Rc7 26. Kh1 Rfc8 27. Qe2
Qh4 28. Qf2 Qxf2 29. Bxf2 Be7 30. g3 Rc4 31. Be3 Kf8 32. Kg1 Ke8 33. h4 Kd7 34.
Kf2 f6 35. exf6 Bxf6 36. Nf3 Re8 37. Ne5+ Bxe5 38. fxe5 Re4 39. Bf4 Rc8 40. Re1
Rec4 41. Re3 R8c5 42. Rd3 Rb5 43. b4 d4 44. Be3 Rxc3 45. Rxd4+ Rd5 46. Rad1 Ke8
47. Bf4 Rb3 48. Rxd5 Bxd5 49. Rd4 Kd7 50. Ke2 Kc6 51. Kd2 Kb5 52. Kc2 Rxb4 53.
Rxb4+ Kxb4 54. Kb2 a5 55. Bd2+ Kb5 56. Be1 a4 57. Bd2 Kc4 58. Ka3 Kd3 59. Bg5
Bb3 60. Kb4 Kc2 61. Ka3 Kd3 62. Kb4 Bd1 63. Bf4 Ke4 64. Ka3 Kd4 65. Kb2 Bf3 66.
Ka3 Bc6 67. Kb4 Kd3 68. Bg5 Kc2 69. Ka3 Kc3 70. Be3 Be8 71. Bc1 Kd4 72. Bf4 Ke4
73. Kb4 g5 74. Bxg5 Kxe5 75. Kc4 Ke4 1/2-1/2

[Event "22.Deutsche Senioreneinzelmeisterschaft"]
[Site "Berlin"]
[Date "2010.08.20"]
[Round "5.39"]
[White "Villing, Dieter"]
[Black "Juergens, Peter"]
[Result "1-0"]
[WhiteElo "2070"]
[BlackElo "1837"]
[PlyCount "33"]
[EventDate "2010.??.??"]

1. e4 e6 2. d4 d5 3. Nc3 Bb4 4. e5 c5 5. Bd2 Ne7 6. a3 Bxc3 7. Bxc3 cxd4 8.
Qxd4 Nbc6 9. Qg4 O-O 10. Nf3 Nf5 11. O-O-O Qb6 12. Bd3 Nce7 13. h4 Qxf2 14. Ng5
h6 15. Rh3 Bd7 16. Rf1 Ne3 17. Qd4 1-0

[Event "22.Deutsche Senioreneinzelmeisterschaft"]
[Site "Berlin"]
[Date "2010.08.20"]
[Round "5.40"]
[White "Francke, Joerg"]
[Black "Lainburg, Viktor"]
[Result "0-1"]
[WhiteElo "1861"]
[BlackElo "2031"]
[PlyCount "157"]
[EventDate "2010.??.??"]

1. d4 Nf6 2. Nf3 g6 3. Bf4 Bg7 4. h3 O-O 5. e3 c5 6. c3 Qb6 7. Qb3 Qxb3 8. axb3
cxd4 9. exd4 d6 10. Bc4 Nbd7 11. O-O Nb6 12. Nbd2 Nxc4 13. bxc4 a6 14. Rfe1 Re8
15. c5 dxc5 16. dxc5 Be6 17. Be5 Rac8 18. b4 Nd5 19. Bxg7 Kxg7 20. Ra3 Bf5 21.
Nc4 f6 22. Nd4 Bd7 23. f4 Nxf4 24. Nb6 Rc7 25. Nxd7 Rxd7 26. c6 bxc6 27. Rxa6
c5 28. bxc5 Nd3 29. Ne6+ Kf7 30. Re3 Rc8 31. c6 Rd6 32. Nd4 Ne5 33. Ra7 Rcd8
34. c7 Rc8 35. Rb7 Rd7 36. Nb5 Nc4 37. Re2 Nd6 38. Rb8 Rdxc7 39. Nxc7 Rxc7 40.
Rc2 e5 41. Rb4 Nc4 42. Ra2 Ne3 43. c4 Rxc4 44. Rb7+ Ke6 45. Rxh7 Kf5 46. Kf2
Nd5 47. Rd7 Nf4 48. Rh7 Rc3 49. Rf7 Kg5 50. Rb7 f5 51. Rb1 e4 52. Rab2 Nd3+ 53.
Ke2 Nxb2 54. Rxb2 Kf4 55. Rb6 g5 56. g4 fxg4 57. hxg4 Rc2+ 58. Kd1 Rg2 59. Rf6+
Kxg4 60. Ke1 Ra2 61. Rf7 Kg3 62. Rf5 g4 63. Rf6 e3 64. Re6 Kf3 65. Rf6+ Kg2 66.
Re6 Ra3 67. Ke2 g3 68. Rf6 Kg1 69. Kf3 Kf1 70. Kxg3+ Ke1 71. Kg2 Kd2 72. Rb6
Rc3 73. Re6 Kd1 74. Kf1 Rb3 75. Kg2 e2 76. Rd6+ Ke1 77. Rh6 Rb8 78. Ra6 Rg8+
79. Kh2 0-1

[Event "22.Deutsche Senioreneinzelmeisterschaft"]
[Site "Berlin"]
[Date "2010.08.20"]
[Round "5.41"]
[White "Nietsch, Horst"]
[Black "Khodjabagyan, Seyran"]
[Result "1/2-1/2"]
[WhiteElo "1837"]
[BlackElo "2029"]
[PlyCount "83"]
[EventDate "2010.??.??"]
[WhiteTeam "SG Weißensee 49 e.V."]
[BlackTeam "SK Lister Turm"]

1. e4 Nf6 2. e5 Nd5 3. d4 d6 4. Nf3 Bg4 5. Be2 e6 6. O-O Be7 7. c4 Nb6 8. exd6
cxd6 9. Nc3 O-O 10. Be3 Nc6 11. b3 d5 12. c5 Nd7 13. h3 Bh5 14. Nh2 Bg6 15. a3
e5 16. dxe5 d4 17. Bxd4 Nxd4 18. Qxd4 Bxc5 19. Qd5 Qc7 20. Nb5 Qxe5 21. Qxe5
Nxe5 22. b4 Bb6 23. Rad1 Rfd8 24. Nd6 Rd7 25. Nc4 Rxd1 26. Rxd1 Nxc4 27. Bxc4
Rc8 28. Bd5 Rc2 29. Ng4 Bh5 30. Re1 Kf8 31. Ne3 Rc7 32. g4 Bg6 33. Rd1 h5 34.
Kg2 Rd7 35. Bf3 Rxd1 36. Nxd1 hxg4 37. hxg4 Bd4 38. Bxb7 Bc2 39. Bf3 Ke7 40.
Ne3 Bd3 41. Nf5+ Bxf5 42. gxf5 1/2-1/2

[Event "22.Deutsche Senioreneinzelmeisterschaft"]
[Site "Berlin"]
[Date "2010.08.20"]
[Round "5.42"]
[White "Schneider, Miloca"]
[Black "Benninger, Rudolf"]
[Result "0-1"]
[WhiteElo "1834"]
[BlackElo "2026"]
[PlyCount "50"]
[EventDate "2010.??.??"]
[WhiteTeam "SG Witten"]
[BlackTeam "SC Heusenstamm"]

1. d4 g6 2. e4 Bg7 3. Nf3 c5 4. c3 cxd4 5. cxd4 d5 6. e5 Nh6 7. b3 Bg4 8. Be2
Nc6 9. Nc3 Rc8 10. Bb5 O-O 11. Bxc6 Rxc6 12. Bb2 Nf5 13. O-O Nh4 14. Qd3 Bxf3
15. gxf3 f6 16. f4 fxe5 17. fxe5 Nf3+ 18. Kg2 Qd7 19. Ne2 Nh4+ 20. Kh1 Rf3 21.
Qd2 Qh3 22. Qg5 Bh6 23. Qg1 Rc2 24. Bc1 Bxc1 25. Nxc1 Rf4 0-1

[Event "22.Deutsche Senioreneinzelmeisterschaft"]
[Site "Berlin"]
[Date "2010.08.20"]
[Round "5.43"]
[White "Skorna, Ullrich"]
[Black "Seidel, Arnold"]
[Result "1/2-1/2"]
[WhiteElo "2014"]
[BlackElo "1828"]
[PlyCount "115"]
[EventDate "2010.??.??"]
[WhiteTeam "Forster SC 95"]
[BlackTeam "SV Kali Wolmirstedt"]

1. e4 e5 2. Nf3 Nc6 3. Bb5 Bc5 4. O-O Qf6 5. c3 Nge7 6. Bxc6 Nxc6 7. d4 Bb6 8.
d5 Ne7 9. Bg5 Qd6 10. Nbd2 f6 11. Nc4 Qc5 12. Nfd2 Ng6 13. Be3 Qf8 14. Bxb6
axb6 15. d6 b5 16. Na3 Qxd6 17. Nxb5 Qc6 18. Qb3 d6 19. a4 Nf4 20. Qc4 Qxc4 21.
Nxc4 Ne6 22. f4 exf4 23. Rxf4 Bd7 24. Rff1 Bc6 25. Nd4 Nxd4 26. cxd4 O-O 27. d5
Bxa4 28. Rfc1 Bd7 29. Na5 b6 30. Rxc7 Bb5 31. Nb3 Rxa1+ 32. Nxa1 Re8 33. Rb7
Rxe4 34. Rxb6 Re1+ 35. Kf2 Re2+ 36. Kg3 Rxb2 37. Rxd6 Bf1 38. Rd8+ Kf7 39. d6
Rxg2+ 40. Kf3 Rxh2 41. Rd7+ Ke6 42. Rxg7 Kxd6 43. Rg1 Bc4 44. Rc1 Bd5+ 45. Kf4
Rf2+ 46. Ke3 Rf3+ 47. Kd4 h5 48. Nc2 Rf4+ 49. Ke3 Rc4 50. Kd3 Kc5 51. Re1 h4
52. Re8 Rf4 53. Ne3 Bf7 54. Rh8 Ra4 55. Rh6 Rf4 56. Ng2 Rd4+ 57. Ke3 f5 58.
Rxh4 1/2-1/2

[Event "22.Deutsche Senioreneinzelmeisterschaft"]
[Site "Berlin"]
[Date "2010.08.20"]
[Round "5.44"]
[White "Bieberle, Gerhart"]
[Black "Blab, Ludwig"]
[Result "0-1"]
[WhiteElo "1830"]
[BlackElo "2002"]
[PlyCount "80"]
[EventDate "2010.??.??"]
[WhiteTeam "Eschweiler SC 1921 e.V."]
[BlackTeam "SV Bergneustadt/Dersch"]

1. d4 Nf6 2. c4 g6 3. Nc3 Bg7 4. e4 d6 5. Nge2 O-O 6. Ng3 Nbd7 7. Be2 c5 8. d5
a6 9. O-O Qc7 10. f4 Ne8 11. f5 Ne5 12. h4 Qd8 13. h5 Bf6 14. Nh1 Kh8 15. hxg6
fxg6 16. g4 Rg8 17. Ng3 Nf7 18. Kg2 Rg7 19. Rh1 Be5 20. fxg6 Rxg6 21. Nf5 Nf6
22. Bf3 Rb8 23. Qe2 Bd7 24. a4 e6 25. dxe6 Bxe6 26. Nd5 Bxd5 27. cxd5 Qd7 28.
Kf2 Rbg8 29. Rh4 Rc8 30. Be3 c4 31. a5 c3 32. bxc3 Rxc3 33. Rc1 Rb3 34. Rc2 Rb4
35. Bb6 Ng5 36. Rc7 Qa4 37. Rc2 Ngxe4+ 38. Kg2 Qd7 39. Rc7 Qxf5 40. Rhxh7+ Nxh7
0-1

[Event "22.Deutsche Senioreneinzelmeisterschaft"]
[Site "Berlin"]
[Date "2010.08.20"]
[Round "5.45"]
[White "Fassmann, Kurt"]
[Black "Alder, Bodo"]
[Result "1-0"]
[WhiteElo "1826"]
[BlackElo "1998"]
[PlyCount "67"]
[EventDate "2010.??.??"]
[WhiteTeam "TuS Mehlmeisel"]
[BlackTeam "SG  Wedding e.V."]

1. d4 d5 2. c4 e6 3. Nc3 Nf6 4. Bg5 Be7 5. e3 c6 6. Nf3 Nbd7 7. Bd3 h6 8. Bxf6
Nxf6 9. O-O O-O 10. Rc1 dxc4 11. Bxc4 b5 12. Bd3 Bb7 13. Ne4 Nxe4 14. Bxe4 Rc8
15. Ne5 Bd6 16. f4 Bxe5 17. dxe5 Qb6 18. Qf3 f5 19. exf6 Rxf6 20. b4 a5 21. a3
Ra8 22. Bxc6 Bxc6 23. Rxc6 Qa7 24. Rfc1 Raf8 25. Rc8 Qd7 26. Rxf8+ Rxf8 27. Rd1
Qc8 28. Qe4 Kh8 29. h3 Re8 30. Kh2 Qb8 31. Rd7 e5 32. f5 Qc8 33. Ra7 Qc3 34. f6
1-0

[Event "22.Deutsche Senioreneinzelmeisterschaft"]
[Site "Berlin"]
[Date "2010.08.20"]
[Round "5.46"]
[White "Richtarsky, Lothar"]
[Black "Just, Joachim"]
[Result "1/2-1/2"]
[WhiteElo "1825"]
[BlackElo "1982"]
[PlyCount "45"]
[EventDate "2010.??.??"]
[WhiteTeam "SC Koenigsspringer Hagen/Wetter"]
[BlackTeam "SV Motor Zeitz"]

1. d4 d5 2. Bf4 c6 3. c3 Nf6 4. h3 Qb6 5. b3 Bf5 6. e3 Nbd7 7. a4 a5 8. g4 Bxb1
9. Rxb1 e6 10. f3 c5 11. Bb5 Be7 12. Ne2 Qd8 13. Qd3 Kf8 14. e4 Nb6 15. Kf2 Rc8
16. Rhc1 Ne8 17. dxc5 Bxc5+ 18. Be3 Qc7 19. Kg2 Bxe3 20. Qxe3 Nd6 21. e5 Nxb5
22. axb5 Nd7 23. f4 1/2-1/2

[Event "22.Deutsche Senioreneinzelmeisterschaft"]
[Site "Berlin"]
[Date "2010.08.20"]
[Round "5.47"]
[White "Scheide, Helmut"]
[Black "Gerhardt, Peter-Michael"]
[Result "1/2-1/2"]
[WhiteElo "1824"]
[BlackElo "1974"]
[PlyCount "32"]
[EventDate "2010.??.??"]
[WhiteTeam "USV Potsdam e.V., Abt. Schach"]
[BlackTeam "SC Vahr"]

1. d4 Nf6 2. c4 g6 3. Nc3 Bg7 4. e4 d6 5. f3 O-O 6. Be3 Nbd7 7. Nge2 e5 8. d5
a5 9. g4 Nc5 10. Ng3 Ne8 11. Qd2 f5 12. gxf5 gxf5 13. exf5 Bxf5 14. Bg5 Qd7 15.
h4 Kh8 16. Be2 Nf6 1/2-1/2

[Event "22.Deutsche Senioreneinzelmeisterschaft"]
[Site "Berlin"]
[Date "2010.08.20"]
[Round "5.48"]
[White "Reinemann, Guenter"]
[Black "Glatthor, Thomas"]
[Result "1-0"]
[WhiteElo "1819"]
[BlackElo "1942"]
[PlyCount "175"]
[EventDate "2010.??.??"]

1. e4 e5 2. Nf3 Nf6 3. Nc3 Nc6 4. d4 Bb4 5. d5 Nb8 6. Bd3 d6 7. h3 O-O 8. Bd2
c5 9. a3 Ba5 10. Qe2 a6 11. a4 Ne8 12. g4 Bd7 13. b3 Nc7 14. O-O Ne8 15. Nd1
Bxd2 16. Qxd2 h5 17. Ne3 Qf6 18. Qe2 hxg4 19. hxg4 Qf4 20. Nh2 g6 21. Qf3 a5
22. Bb5 Qxf3 23. Nxf3 Nf6 24. Nd2 Bxg4 25. Nxg4 Nxg4 26. Nc4 Rd8 27. f3 Nf6 28.
Kf2 Kf8 29. Rh1 Ke7 30. Nb6 Ra7 31. Rh4 Nbd7 32. Nc4 Raa8 33. Rah1 b6 34. Ke3
Rab8 35. Na3 Nh5 36. Bc6 Ndf6 37. Nb5 Rg8 38. Na7 Rg7 39. Bb5 Rbg8 40. Ba6 Kd7
41. c3 Nf4 42. R4h2 N6h5 43. b4 Ng3 44. Rb1 Ra8 45. Bb5+ Kc7 46. Nc6 axb4 47.
cxb4 Rgg8 48. Rc2 Rh8 49. a5 Rh1 50. Rxh1 Nxh1 51. a6 Ng3 52. a7 Nf5+ 53. Kf2
Kb7 54. Ra2 Rh8 55. Nd8+ Rxd8 56. Bc6+ Kc7 57. exf5 Nd3+ 58. Ke3 Nxb4 59. a8=Q
Rxa8 60. Rxa8 Nxc6 61. dxc6 gxf5 62. Rf8 Kxc6 63. Rxf7 f4+ 64. Ke4 b5 65. Rf8
b4 66. Rc8+ Kb7 67. Rh8 Kc6 68. Kd3 d5 69. Rc8+ Kd6 70. Rd8+ Kc6 71. Rc8+ Kb6
72. Rd8 c4+ 73. Kc2 Kc5 74. Rb8 b3+ 75. Kc3 d4+ 76. Kb2 e4 77. Rc8+ Kd5 78.
Rd8+ Kc5 79. fxe4 f3 80. Rd5+ Kb4 81. Rxd4 f2 82. Rd1 c3+ 83. Kc1 c2 84. Rh1
Kc3 85. Rh3+ Kd4 86. Rf3 Kc4 87. Kb2 Kd4 88. e5 1-0

[Event "22.Deutsche Senioreneinzelmeisterschaft"]
[Site "Berlin"]
[Date "2010.08.20"]
[Round "5.49"]
[White "Rodemann, Edmund"]
[Black "Josting, Friedel"]
[Result "1/2-1/2"]
[WhiteElo "1931"]
[BlackElo "1818"]
[PlyCount "77"]
[EventDate "2010.??.??"]

1. e4 c5 2. c3 e6 3. d4 d5 4. e5 Nc6 5. Nf3 Bd7 6. Be2 cxd4 7. cxd4 Bb4+ 8. Bd2
Bxd2+ 9. Qxd2 Nge7 10. O-O O-O 11. Nc3 a6 12. Bd3 f5 13. exf6 Rxf6 14. Rac1 Qf8
15. Ne2 Ng6 16. Qe3 Re8 17. Ne5 Ngxe5 18. dxe5 Rf7 19. a3 Rc8 20. f4 g6 21. g3
Qg7 22. b4 g5 23. Kh1 Rcf8 24. Rce1 Nxe5 25. Nd4 Nxd3 26. Qxd3 Qh6 27. f5 exf5
28. Re5 f4 29. gxf4 Rxf4 30. Rg1 g4 31. Rxd5 Bc6 32. Nxc6 Qxc6 33. Rd1 Rd8 34.
Kg1 Qb6+ 35. Kh1 Qc6 36. Kg1 Qxd5 37. Qxd5+ Rxd5 38. Rxd5 Rf7 39. Kg2 1/2-1/2

[Event "22.Deutsche Senioreneinzelmeisterschaft"]
[Site "Berlin"]
[Date "2010.08.20"]
[Round "5.50"]
[White "Schumacher, Helmut"]
[Black "Weissenborn, Michael"]
[Result "1/2-1/2"]
[WhiteElo "1921"]
[BlackElo "1782"]
[PlyCount "80"]
[EventDate "2010.??.??"]
[WhiteTeam "Aachener SV 1856 e.V."]
[BlackTeam "BSG 1827 Eckbauer"]

1. d4 Nf6 2. Nc3 d5 3. Bg5 h6 4. Bh4 c6 5. e3 Bf5 6. Bd3 Bxd3 7. Qxd3 e6 8. Nf3
Be7 9. O-O Nbd7 10. Rfe1 O-O 11. Bg3 Nh5 12. e4 Nxg3 13. hxg3 Bb4 14. e5 Rc8
15. Re2 c5 16. Nd1 c4 17. Qe3 Be7 18. Nh2 Re8 19. f4 g6 20. c3 Kg7 21. Nf2 Bf8
22. g4 b5 23. a3 a5 24. Qg3 b4 25. axb4 axb4 26. f5 g5 27. f6+ Kh7 28. Nf3 Ra8
29. Rxa8 Qxa8 30. Nh3 Qa1+ 31. Kh2 bxc3 32. bxc3 Rb8 33. Nhxg5+ Kg8 34. Qh4
Qxc3 35. Qh5 hxg5 36. Qxg5+ Kh8 37. Qh5+ Kg8 38. Qg5+ Kh8 39. Qh4+ Kg8 40. Qg5+
Kh8 1/2-1/2

[Event "22.Deutsche Senioreneinzelmeisterschaft"]
[Site "Berlin"]
[Date "2010.08.20"]
[Round "5.51"]
[White "Maetzing, Hans-Dieter"]
[Black "Schlag, Franz"]
[Result "1/2-1/2"]
[WhiteElo "1805"]
[BlackElo "1919"]
[PlyCount "39"]
[EventDate "2010.??.??"]

1. Nc3 Nf6 2. f4 d5 3. e3 Bg4 4. Be2 Bxe2 5. Ncxe2 e6 6. Nf3 c5 7. b3 Be7 8.
Bb2 O-O 9. O-O Nc6 10. h3 h6 11. d3 Rc8 12. c4 Qb6 13. Ne5 Rfd8 14. Nxc6 Rxc6
15. Qc2 Nd7 16. Rad1 Bf6 17. Bxf6 Nxf6 18. Ng3 Rcc8 19. e4 dxe4 20. dxe4
1/2-1/2

[Event "22.Deutsche Senioreneinzelmeisterschaft"]
[Site "Berlin"]
[Date "2010.08.20"]
[Round "5.52"]
[White "Habedank, Detlef"]
[Black "Petkov, Peter"]
[Result "1/2-1/2"]
[WhiteElo "1788"]
[BlackElo "1907"]
[PlyCount "90"]
[EventDate "2010.??.??"]

1. e4 c6 2. d3 e5 3. Nf3 d6 4. Be2 g6 5. c3 Bg7 6. Nbd2 Nf6 7. Nf1 Nbd7 8. Ng3
Qc7 9. Qc2 O-O 10. h3 d5 11. O-O dxe4 12. dxe4 Nc5 13. b4 Ne6 14. Bc4 Rd8 15.
Bxe6 Bxe6 16. Be3 Nd7 17. Ng5 Bc4 18. Rfd1 f6 19. Nf3 Nb6 20. Bc5 Rxd1+ 21.
Rxd1 Rd8 22. a4 Nc8 23. Nf1 b6 24. Be3 Rd7 25. Rd2 Qd8 26. Qd1 Rxd2 27. Qxd2
Qxd2 28. N1xd2 Be6 29. Ne1 f5 30. f3 Kf7 31. h4 Bf8 32. Bf2 Nd6 33. g3 Nc4 34.
Nxc4 Bxc4 35. a5 bxa5 36. bxa5 fxe4 37. Bxa7 exf3 38. Nxf3 g5 39. Nd2 Ba6 40.
Kf2 Ke6 41. Be3 Bc8 42. Ne4 Kd5 43. Nc5 h6 44. Nd3 c5 45. c4+ Kd6 1/2-1/2

[Event "22.Deutsche Senioreneinzelmeisterschaft"]
[Site "Berlin"]
[Date "2010.08.20"]
[Round "5.53"]
[White "Perk, Egbert"]
[Black "Roedel, Egmar"]
[Result "1/2-1/2"]
[WhiteElo "1759"]
[BlackElo "1906"]
[PlyCount "51"]
[EventDate "2010.??.??"]

1. d4 d5 2. c4 Nc6 3. e3 e5 4. cxd5 Qxd5 5. Nc3 Bb4 6. a3 Bxc3+ 7. bxc3 Qd6 8.
d5 Nce7 9. c4 Nf6 10. a4 Nd7 11. Ba3 Nc5 12. Nf3 b6 13. Be2 O-O 14. O-O Ng6 15.
Nd2 f5 16. Nb3 f4 17. Nxc5 bxc5 18. e4 Nh4 19. f3 Rf6 20. Qe1 Rh6 21. Qf2 Qf6
22. Qxc5 Nxg2 23. Kxg2 Rxh2+ 24. Kxh2 Qh4+ 25. Kg1 Qg3+ 26. Kh1 1/2-1/2

[Event "22.Deutsche Senioreneinzelmeisterschaft"]
[Site "Berlin"]
[Date "2010.08.20"]
[Round "5.54"]
[White "Rychlik, Kurt"]
[Black "Loges, Wilhelm"]
[Result "1-0"]
[WhiteElo "1905"]
[BlackElo "1720"]
[PlyCount "65"]
[EventDate "2010.??.??"]

1. d4 Nf6 2. c4 e6 3. Nf3 c5 4. Nc3 d5 5. e3 b6 6. cxd5 exd5 7. Ne5 a6 8. Bd3
Be7 9. O-O O-O 10. Bd2 Qd6 11. Rc1 Nc6 12. Nxc6 Qxc6 13. dxc5 bxc5 14. b3 Ne4
15. Nxe4 dxe4 16. Bc4 Qg6 17. Re1 Bh3 18. Bf1 Bg4 19. Be2 Bh3 20. Bf1 Rfd8 21.
Kh1 Bg4 22. Qc2 Rd5 23. Bc3 Rg5 24. Be2 Bxe2 25. Qxe2 Rxg2 26. Rg1 Rxg1+ 27.
Rxg1 Qf5 28. Bxg7 Rd8 29. Bh6+ Kh8 30. Bf4 Rd3 31. Qf1 Bf6 32. Qg2 Qg6 33. Qh3
1-0

[Event "22.Deutsche Senioreneinzelmeisterschaft"]
[Site "Berlin"]
[Date "2010.08.20"]
[Round "5.55"]
[White "Roettger, Franz"]
[Black "Schwertel, Johann"]
[Result "1/2-1/2"]
[WhiteElo "1699"]
[BlackElo "1903"]
[PlyCount "79"]
[EventDate "2010.??.??"]
[WhiteTeam "SF Lohmar 1974 e.V."]
[BlackTeam "SV Koblenz 03/25"]

1. e4 c6 2. d4 d5 3. e5 e6 4. Bd3 c5 5. c3 Nc6 6. Ne2 cxd4 7. cxd4 Qb6 8. Bc2
Bd7 9. Nbc3 Rc8 10. a3 Na5 11. O-O Ne7 12. Na4 Qc7 13. Nc5 Bc6 14. Ng3 Ng6 15.
Ba4 Bxc5 16. dxc5 Qxe5 17. Re1 Qc7 18. b4 Bxa4 19. Qxa4+ Nc6 20. b5 Qa5 21.
Qxa5 Nxa5 22. Be3 Nb3 23. Rab1 Nxc5 24. b6 axb6 25. Rxb6 O-O 26. Bxc5 Rxc5 27.
Rxb7 Ra8 28. Ra1 Rca5 29. Rb3 Ne5 30. Ne2 Nc4 31. a4 g6 32. Rb4 Kg7 33. h4 h5
34. Nd4 Ne5 35. Nb3 Nc6 36. Rf4 R5a7 37. Nc5 Na5 38. Rb4 Rc8 39. Rc1 Nb7 40.
Nxe6+ 1/2-1/2

[Event "22.Deutsche Senioreneinzelmeisterschaft"]
[Site "Berlin"]
[Date "2010.08.20"]
[Round "5.56"]
[White "Hoppensack, Manfred"]
[Black "Kraft, Gerhard"]
[Result "1/2-1/2"]
[WhiteElo "1888"]
[BlackElo "1652"]
[PlyCount "49"]
[EventDate "2010.??.??"]

1. e4 e5 2. Nc3 Nf6 3. f4 d5 4. fxe5 Nxe4 5. Nf3 Bc5 6. d4 Bb4 7. Bd2 Bg4 8.
Nxe4 dxe4 9. Bxb4 exf3 10. Qd3 Nc6 11. Bc3 Qd5 12. gxf3 Bxf3 13. Rg1 g6 14. Rg3
Be4 15. Qe3 O-O-O 16. Rg4 f5 17. Rxe4 Qxe4 18. Qxe4 fxe4 19. Rd1 Ne7 20. Bg2
Nd5 21. Bxe4 Nxc3 22. bxc3 c6 23. Ke2 Rhf8 24. Ke3 Rde8 25. h3 1/2-1/2